General studies for civil services preliminary examination paper-1 2019 / (Record no. 164242)

MARC details
000 -LEADER
fixed length control field 00852nam a22002057a 4500
005 - DATE AND TIME OF LATEST TRANSACTION
control field 20190802103925.0
010 ## - LCCN (DPL NO)
LC control number B-728306-307
020 ## - INTERNATIONAL STANDARD BOOK NUMBER
International Standard Book Number 9789313164623
Terms of availability 1525.00
035 ## - SYSTEM CONTROL NUMBER
System control number B-728306-307
037 ## - SOURCE OF ACQUISITION
Source of stock number/acquisition Aksharesh Enterprises
082 ## - DEWEY DECIMAL CLASSIFICATION NUMBER
Classification number 000
100 ## - MAIN ENTRY--PERSONAL NAME
Personal name Pandey,Manohar
245 ## - TITLE STATEMENT
Title General studies for civil services preliminary examination paper-1 2019 /
Statement of responsibility, etc by Manohar Pandey ; edited by Priya Goyal
260 ## - PUBLICATION, DISTRIBUTION, ETC. (IMPRINT)
Place of publication, distribution, etc New Delhi
Name of publisher, distributor, etc Arihant
Date of publication, distribution, etc 2019
270 ## - ADDRESS
Address 'Ramchhaya' 4577/15, Agarwal Road, Daryaganj
City New Delhi
Postal code 110002
300 ## - PHYSICAL DESCRIPTION
Extent various pagings:
Other physical details ill.
Dimensions 27cm(pbk)
700 ## - ADDED ENTRY--PERSONAL NAME
Personal name Goyal, Priya
942 ## - ADDED ENTRY ELEMENTS (KOHA)
Source of classification or shelving scheme Dewey Decimal Classification
Item type English Books
Classification part 000
Call number suffix PAN
Holdings
Withdrawn status Lost status Not for loan Collection code Home library Current library Date acquired Source of acquisition Cost, normal purchase price Full call number Barcode Copy number Cost, replacement price Koha item type
      Non-fiction Janak Puri Janak Puri 14/05/2019 Aksharesh Enterprises/0016/06-05-19/04/23-04-19/08-05-19 1525.00 000 PAN B-728307 1 1525.00 English Books
      Non-fiction Patel Nagar Patel Nagar 14/05/2019 Aksharesh Enterprises/0016/06-05-19/04/23-04-19/08-05-19 1525.00 000 PAN B-728306 1 1525.00 English Books

© Delhi Public Library
Hit Counter
free hit counter